Geology and mineral resources of the Bellefonte quadrangle, Pennsylvania, (Record no. 27251)

MARC details
000 -LEADER
fixed length control field 01010cam a22002531 4500
001 - CONTROL NUMBER
control field gs 36000084
003 - CONTROL NUMBER IDENTIFIER
control field DLC
005 - DATE AND TIME OF LATEST TRANSACTION
control field 20260227111340.0
008 - FIXED-LENGTH DATA ELEMENTS--GENERAL INFORMATION
fixed length control field 770216s1936 xx b f001 0 eng
010 ## - LIBRARY OF CONGRESS CONTROL NUMBER
LC control number gs 36000084
035 ## - SYSTEM CONTROL NUMBER
System control number (OCoLC)2742049
040 ## - CATALOGING SOURCE
Original cataloging agency DLC
Transcribing agency PClS
Modifying agency OCoLC
-- DLC
042 ## - AUTHENTICATION CODE
Authentication code premarc
050 00 - LIBRARY OF CONGRESS CALL NUMBER
Classification number QE75
Item number .B9 no. 855
100 1# - MAIN ENTRY--PERSONAL NAME
Personal name Butts, Charles,
Dates associated with a name 1863-1946.
245 10 - TITLE STATEMENT
Title Geology and mineral resources of the Bellefonte quadrangle, Pennsylvania,
Statement of responsibility, etc. by Charles Butts and Elwood S. Moore.
260 ## - PUBLICATION, DISTRIBUTION, ETC.
Place of publication, distribution, etc. Washington,
Name of publisher, distributor, etc. U.S. Govt. Print. Off.,
Date of publication, distribution, etc. 1936.
300 ## - PHYSICAL DESCRIPTION
Extent vi, 111 p.
Other physical details incl. maps, tables. 12 pl. (incl. fold. col. map, fold. col. profile, fold. diagr.; in pocket) on 8 l.
Dimensions 23 cm.
410 20 - SERIES STATEMENT/ADDED ENTRY--CORPORATE NAME [OBSOLETE, CAN/MARC], [LOCAL, USA]
Corporate name or jurisdiction name as entry element Geological Survey (U.S.)
Title of a work Bulletin
Volume number/sequential designation 855
500 ## - GENERAL NOTE
General note At head of title: United States Department of the Interior.
504 ## - BIBLIOGRAPHY, ETC. NOTE
Bibliography, etc. note Bibliographical foot-notes.
650 #0 - SUBJECT ADDED ENTRY--TOPICAL TERM
Topical term or geographic name entry element Geology
Geographic subdivision Pennsylvania
-- Centre County.
650 #0 - SUBJECT ADDED ENTRY--TOPICAL TERM
Topical term or geographic name entry element Mines and mineral resources
Geographic subdivision Pennsylvania
-- Centre County.

No items available.

Powered by Koha